<?xml version="1.0" encoding="UTF-8"?>
<record
    xmlns:xsi="http://www.w3.org/2001/XMLSchema-instance"
    xsi:schemaLocation="http://www.loc.gov/MARC21/slim http://www.loc.gov/standards/marcxml/schema/MARC21slim.xsd"
    xmlns="http://www.loc.gov/MARC21/slim">

  <leader>01923nam a22002057a 4500</leader>
  <controlfield tag="005">20250912151816.0</controlfield>
  <datafield tag="020" ind1=" " ind2=" ">
    <subfield code="a">9789393715388</subfield>
  </datafield>
  <datafield tag="082" ind1="0" ind2="0">
    <subfield code="a">909.098 21 PET/S</subfield>
    <subfield code="2">23</subfield>
  </datafield>
  <datafield tag="100" ind1="1" ind2=" ">
    <subfield code="a">Petri, Rolf,</subfield>
    <subfield code="9">1363</subfield>
  </datafield>
  <datafield tag="245" ind1="1" ind2="2">
    <subfield code="a">A short history of Western ideology :</subfield>
    <subfield code="b">a critical account /</subfield>
    <subfield code="c">by Rolf Petri.</subfield>
  </datafield>
  <datafield tag="260" ind1=" " ind2=" ">
    <subfield code="a">. - New Delhi</subfield>
    <subfield code="b">: Bloomsbury</subfield>
    <subfield code="c">, 2024</subfield>
  </datafield>
  <datafield tag="300" ind1=" " ind2=" ">
    <subfield code="a">1 online resource.</subfield>
  </datafield>
  <datafield tag="504" ind1=" " ind2=" ">
    <subfield code="a">Includes bibliographical references.</subfield>
  </datafield>
  <datafield tag="505" ind1="0" ind2=" ">
    <subfield code="a">Europe and history -- Freedom and sovereignty -- Hierarchy among equals -- A craving for goodness -- Ecology and apocalypse.</subfield>
  </datafield>
  <datafield tag="520" ind1=" " ind2=" ">
    <subfield code="a">"We are arguably living in a 'postideological' era. However, when we tune into the TV news we can hear political leaders talk about 'advanced' societies, geopolitical experts suggest 'humanitarian' interventions, and sober events presenters qualify a murder as 'barbaric'. What does this mean? In this comprehensive book, Rolf Petri reveals how our everyday political language is full of ideological representations of the world, and places them in an accessible historical narration. From the secularization of Europe and the Enlightenment project of 'civilization' to the contemporary preoccupation with ecological catastrophes or the end of history, A Short History of Western Ideology carves out the central elements of western ideology. It focuses on a wide variety of issues including religion, colonialism, race and gender, which are essential for how we conceive of the modern world. By creating an awareness of the ideological character of the western worldview, its limits and its flaws, this book warns us of the dangers that derive from a self-righteous mindset. It is stimulating and important reading for history and politics students seeking to understand the ideology of the western world"--</subfield>
  </datafield>
  <datafield tag="650" ind1=" " ind2="0">
    <subfield code="a">Ideology.</subfield>
    <subfield code="9">1364</subfield>
  </datafield>
  <datafield tag="650" ind1=" " ind2="0">
    <subfield code="a">Civilization, Western.</subfield>
    <subfield code="9">1365</subfield>
  </datafield>
  <datafield tag="650" ind1=" " ind2="0">
    <subfield code="a">East and West.</subfield>
    <subfield code="9">1366</subfield>
  </datafield>
  <datafield tag="942" ind1=" " ind2=" ">
    <subfield code="2">ddc</subfield>
    <subfield code="c">BK</subfield>
  </datafield>
  <datafield tag="999" ind1=" " ind2=" ">
    <subfield code="c">751337</subfield>
    <subfield code="d">751337</subfield>
  </datafield>
  <datafield tag="952" ind1=" " ind2=" ">
    <subfield code="0">0</subfield>
    <subfield code="1">0</subfield>
    <subfield code="2">ddc</subfield>
    <subfield code="4">0</subfield>
    <subfield code="7">0</subfield>
    <subfield code="a">POL</subfield>
    <subfield code="b">POL</subfield>
    <subfield code="d">2025-03-01</subfield>
    <subfield code="l">0</subfield>
    <subfield code="o">909.098 21 PET/S</subfield>
    <subfield code="p">POL23775</subfield>
    <subfield code="r">2025-09-12 15:20:17</subfield>
    <subfield code="w">2025-09-12</subfield>
    <subfield code="y">BK</subfield>
  </datafield>
</record>
